Представление документа в формате RUSMARC

ПолеНазваниеЗначение
  Тип записи a
  Библиографический уровень m
001 Контрольный номер RU/SLIB/B/208770955
005 Дата корректировки 20201206204301.6
010 Индекс ISBN __
d Цена 3-30
101 Язык документа __
a Язык текста rus
a Язык текста eng
200 Заглавие и сведения об ответственности __
a Заглавие Paul Gauguin
f Первые сведения об ответственности Compiled and introduced by A. Kantor-Gukovskaya
b Общее обозначение материала Текст
210 Выходные данные __
a Место издания Leningrad
c Издательство Aurora
d Дата издания 1977
215 Физическое описание __
a Объем 80 p.
c Иллюстрации/тип воспроизводства il.
300 Общие примечания __
a Общие примечания Текст на англ. и рус. яз.
517 Другие варианты заглавия __
a Другие варианты заглавия Поль Гоген
600 Персоналии __
a Персоналии (Фамилия) Гоген, П.
f Даты 1848-1903
606 Тематические рубрики __
a Основная рубрика Изобразительное искусство и архитектура
z Хронологическая подрубрика 19 в.
y Географическая подрубрика Франция
606 Тематические рубрики __
a Основная рубрика История живописи
610 Ключевые слова __
a Ключевые слова французская живопись; художники; репродукции; биографии
686 Индексы других классификаций __
a Классификационный индекс 85.143(4Фра)52-8
801 Источник записи _0
a Страна RU
b Организация Муниципальное бюджетное учреждение культуры "Централизованная библиотечная система" г. Сургут (Центральная городская библиотека им. А. С. Пушкина)
g Правила каталогизации КиК/Котельникова
801 Источник записи _1
a Страна RU
b Организация Муниципальное бюджетное учреждение культуры "Централизованная библиотечная система" г. Сургут (Центральная городская библиотека им. А. С. Пушкина)
g Правила каталогизации КиК/Котельникова
852 Данные о местонахождении __
j Шифр хранения 85.143(4Фра)52-8
c Каталожный индекс 85.143(4Фра)-8
i Авторский знак G 26
p Инвентарный номер 129859(с)
901 Тип документа __
t Тип документа m
903 Характеристики (МАРС) __
a Дата передачи 20050527
969 Тип издания __
a Тип издания альбом
990 Данные о заказе (DOS) __
j Количество экземпляров (DOS) 1
t N записи в КСУ для И/У (DOS) ретро